000 00561nam a2200193Ia 4500
005 20250508164812.0
008 008 250505s9999 xx 000 0 hin d
037 _aTheses
040 _aFEDL
_beng
_cFEDL
041 _ahin
_2eng
084 _a491.43, SHA/TH
_qFEDL
100 _aSharma Usha
245 0 _aAhindi bhashi vidhyarthiyo ki hindi vachan-shamta avam avbodhan-shamta ka addhyayan
260 _c2002
300 _a549p.
546 _aPh. D. Thesis (Delhi University)
942 _cTH
_h491.43, SHA/TH
999 _c1391271
_d1391271